<?xml version="1.0" encoding="UTF-8"?>
<record
    xmlns:xsi="http://www.w3.org/2001/XMLSchema-instance"
    xsi:schemaLocation="http://www.loc.gov/MARC21/slim http://www.loc.gov/standards/marcxml/schema/MARC21slim.xsd"
    xmlns="http://www.loc.gov/MARC21/slim">

  <leader>00649nam a22002417a 4500</leader>
  <controlfield tag="003">UA-OsUOA</controlfield>
  <controlfield tag="001"> 34253 </controlfield>
  <controlfield tag="007">ta</controlfield>
  <controlfield tag="008">20050927b un ||||| |||| 00| 0 ukr d</controlfield>
  <datafield tag="100" ind1=" " ind2=" ">
    <subfield code="a">&#x41E;&#x43B;&#x434;&#x440;&#x438;&#x434;&#x436; &#x414;.</subfield>
  </datafield>
  <datafield tag="090" ind1=" " ind2=" ">
    <subfield code="a">821.111</subfield>
    <subfield code="b">&#x41E;-53</subfield>
  </datafield>
  <datafield tag="942" ind1=" " ind2=" ">
    <subfield code="c">BK</subfield>
  </datafield>
  <datafield tag="040" ind1=" " ind2=" ">
    <subfield code="a">UA-OsUOA</subfield>
    <subfield code="b">rus</subfield>
    <subfield code="c">UA-OsUOA</subfield>
    <subfield code="d">UA-OsUOA</subfield>
  </datafield>
  <datafield tag="245" ind1=" " ind2=" ">
    <subfield code="a">&#x41C;&#x43E;&#x440;&#x441;&#x43A;&#x43E;&#x439; &#x43E;&#x440;&#x435;&#x43B;</subfield>
  </datafield>
  <datafield tag="300" ind1=" " ind2=" ">
    <subfield code="a">564 &#x441;.</subfield>
  </datafield>
  <datafield tag="955" ind1=" " ind2=" ">
    <subfield code="a">3</subfield>
  </datafield>
  <datafield tag="041" ind1=" " ind2=" ">
    <subfield code="a">rus</subfield>
  </datafield>
  <datafield tag="080" ind1=" " ind2=" ">
    <subfield code="a">821.111</subfield>
  </datafield>
  <datafield tag="260" ind1=" " ind2=" ">
    <subfield code="a">&#x421;&#x432;&#x435;&#x43D;&#x440;&#x434;&#x43B;&#x43E;&#x432;&#x441;&#x43A;</subfield>
    <subfield code="b">&#x423;&#x440;&#x430;&#x43B;&#x44C;&#x441;&#x43A;&#x438;&#x439; &#x440;&#x430;&#x431;&#x43E;&#x447;&#x438;&#x439;</subfield>
    <subfield code="c">1960</subfield>
  </datafield>
  <datafield tag="246" ind1="3" ind2="1">
    <subfield code="a">&#x414;&#x435;&#x43B;&#x43E; &#x447;&#x435;&#x441;&#x442;&#x438;</subfield>
    <subfield code="n"></subfield>
  </datafield>
  <datafield tag="650" ind1=" " ind2="7">
    <subfield code="a">82 &#x41B;&#x456;&#x442;&#x435;&#x440;&#x430;&#x442;&#x443;&#x440;&#x430;. &#x41B;&#x456;&#x442;&#x435;&#x440;&#x430;&#x442;&#x443;&#x440;&#x43E;&#x437;&#x43D;&#x430;&#x432;&#x441;&#x442;&#x432;&#x43E;</subfield>
    <subfield code="2">UDC</subfield>
  </datafield>
  <datafield tag="999" ind1=" " ind2=" ">
    <subfield code="c">320684</subfield>
    <subfield code="d">320684</subfield>
  </datafield>
  <datafield tag="952" ind1=" " ind2=" ">
    <subfield code="0">0</subfield>
    <subfield code="1">0</subfield>
    <subfield code="2">udc</subfield>
    <subfield code="4">0</subfield>
    <subfield code="7">0</subfield>
    <subfield code="a">101</subfield>
    <subfield code="b">101</subfield>
    <subfield code="d">2013-03-26</subfield>
    <subfield code="i">42924</subfield>
    <subfield code="l">0</subfield>
    <subfield code="o">821.111 &#x41E;-53</subfield>
    <subfield code="p">42924</subfield>
    <subfield code="r">2022-04-22 00:00:00</subfield>
    <subfield code="w">2005-09-27</subfield>
    <subfield code="y">BK</subfield>
  </datafield>
  <datafield tag="952" ind1=" " ind2=" ">
    <subfield code="0">0</subfield>
    <subfield code="1">0</subfield>
    <subfield code="2">udc</subfield>
    <subfield code="4">0</subfield>
    <subfield code="7">0</subfield>
    <subfield code="a">101</subfield>
    <subfield code="b">101</subfield>
    <subfield code="d">2005-09-27</subfield>
    <subfield code="e">112/2005</subfield>
    <subfield code="g">8.00</subfield>
    <subfield code="i">87214</subfield>
    <subfield code="l">0</subfield>
    <subfield code="o">821.111 &#x41E;-53</subfield>
    <subfield code="p">87214</subfield>
    <subfield code="r">2022-04-22 00:00:00</subfield>
    <subfield code="w">2005-09-27</subfield>
    <subfield code="y">BK</subfield>
  </datafield>
</record>
